| 000 | 00532nam a2200181Ia 4500 | ||
|---|---|---|---|
| 999 |
_c29298 _d29298 |
||
| 003 | OSt | ||
| 005 | 20201221115440.0 | ||
| 008 | 190216s9999||||xx |||||||||||||| ||und|| | ||
| 020 | _a9788182643130 | ||
| 040 | _coclc | ||
| 082 |
_a894.8124 _bSAC/A |
||
| 100 |
_aSatchidanandan, K _96203 |
||
| 245 | 0 |
_aAdithattukal / _cK Sachidanandan |
|
| 260 |
_bThe Mathrubhumi Printing And Publishing, _aKozhikode: _c2006. |
||
| 300 | _a110p | ||
| 650 | _aLekhanam | ||
| 942 |
_cBK _2ddc _h894.8124 _iSAC/A _k894.8124 _mSAC/A |
||